Egyptian watercraft models from the predynastic to third intermediate periods /

محفوظ في:

المؤلف الرئيسي: Merriman, Ann M.

التنسيق: كتاب

اللغة: English

منشور في: Oxford : British Archaeological Reports, c2011.

سلاسل: BAR international series ; 2263.

الموضوعات:

الوسوم: إضافة وسم

لا توجد وسوم, كن أول من يضع وسما على هذه التسجيلة!

رقم الطلب: VM298 .M47

LEADER 01157nam a22002657a 4500
003 OSt
005 20251201090948.0
008 251201t2011 enkab b 001 0 eng d
020 |a 9781407308340 
040 |c ARCE Library 
050 1 4 |a VM298  |b .M47 
100 1 |a Merriman, Ann M. 
245 1 0 |a Egyptian watercraft models from the predynastic to third intermediate periods /   |c Ann Merriman. 
264 1 |a Oxford :   |b British Archaeological Reports,   |c c2011. 
300 |a xvi, 484 p. :   |b ill., maps ;   |c 30 cm. 
490 0 |a BAR international series ;   |v 2263. 
500 |a Originally presented as: Thesis (Ph.D.)--University College London, 2010. 
504 |a Includes bibliographical references and index. 
505 0 |a I. Introductions II. New Egyptian watercraft model classification systems III. Egyptian watercraft model context and provenance IV. Secondary Egyptian watercraft model attributes V. The Merriman Egyptian watercraft model classification system. 
650 0 |a Ship models -- Egypt. 
650 0 |a Shipbuilding -- Egypt -- History. 
650 0 |a Wood-carved figurines -- Egypt. 
901 |a reviewed 
942 |2 lcc  |c BK 
999 |c 49519  |d 49519